000 00873cam a22001935a 4500
001 L137679
008 070424s2007 xxk f 000 0 eng d
035 _a(Sirsi) u137679
041 0 _aeng
100 1 _aDixon, Tim
245 0 0 _aFuture of retail property
_bresearch roundup and BIDs
260 _c2007
490 0 _aProperty Forecast
_vMarch 2007, 8-10(3)
520 _aDiscusses the role retail plays in the UK economy, changing demographics, consumer activity, the future of brands, locations and retail transport. Reports that with continued focus on price in a deflationary retail environment, growth will be harder to attain. Graphs depict change in size of older age groups and British improvement district area by category of ratepayer.
590 _aKA
651 4 _aUnited Kingdom
_y
690 _aPROPERTY-COMMERCIAL PROPERTY-RETAIL PROPERTY
942 _n0
999 _c78688
_d78688